Normal view
MARC view
Entry Personal Name
001 - CONTROL NUMBER
- control field: 9390
003 - CONTROL NUMBER IDENTIFIER
- control field: OSt
005 - DATE AND TIME OF LATEST TRANSACTION
- control field: 20160614174728.0
008 - FIXED-LENGTH DATA ELEMENTS
- fixed length control field: 160614|| aca||aabn | a|a d
040 ## - CATALOGING SOURCE
- Original cataloging agency: OSt
- Transcribing agency: OSt
100 ## - HEADING--PERSONAL NAME
- Personal name: Snyder,Katherine;Keegan,Chris;
670 ## - SOURCE DATA FOUND
- Source citation: Work cat.: (OSt): Snyder,Katherine;Keegan,Chris;, Pharmacology for the Surgical Technologist,, 1999.
